LEADER 01133nam0-22003371i-450- 001 990001438750403321 010 $a3-540-66333-9 035 $a000143875 035 $aFED01000143875 035 $a(Aleph)000143875FED01 035 $a000143875 100 $a20000920d1999----km-y0itay50------ba 101 0 $aeng 200 1 $aAdvances in Cold-Region Thermal Engineering and Sciences$eTechnological, Environmental, and Climatological Impact$eProceedings of the 6th International Symposium Held in Darmstadt, Germany, 22-25 August 1999$fKolumban Hutter, Yongqui Wang, Hans Beer (Eds.) 210 $aBerlin$cSpringer$d1999 215 $aXX, 608 p.$d23 cm 225 1 $aLecture notes in physics$v533 610 0 $aCalore 610 0 $aTermodinamica 676 $a536.71 702 1$aBeer,$bHans 702 1$aHutter,$bKolumban 702 1$aWang,$bYongqui$f<1964- > 801 0$aIT$bUNINA$gRICA$2UNIMARC 901 $aBK 912 $a990001438750403321 952 $a28-122$bD.S.F. 6399$fFI1 959 $aFI1 996 $aAdvances in Cold-Region Thermal Engineering and Sciences$9374537 997 $aUNINA DB $aING01 LEADER 01237nam--2200397---450- 001 990003256200203316 005 20090527115814.0 010 $a978-88-8101-430-9 035 $a000325620 035 $aUSA01000325620 035 $a(ALEPH)000325620USA01 035 $a000325620 100 $a20090527d2007----km-y0itay50------ba 101 $aita 102 $aIT 105 $a||||||||001yy 200 1 $a<> tentazione del fantastico$eracconti italiani da Gualdo a Svevo$fa cura di A. D'Elia, A. Guarnieri, M. Lanzillotta, G. Lo Castro 210 $aCosenza$cPellegrini$d2007 215 $a461 p. ; 22 cm$d22 cm 225 2 $aModelli di narrativa di consumo 410 0$12001$aModelli di narrativa di consumo 454 1$12001 461 1$1001-------$12001 606 0 $aNarrativa italiana$xTemi [:] Fantastico$2BNCF 676 $a853.91408 702 1$aD'ELIA,$bAntonio 702 1$aGUARNIERI,$bAlberico 702 1$aLANZILLOTTA,$bMonica 801 0$aIT$bsalbc$gISBD 912 $a990003256200203316 951 $aVI.3.A. 2291$b208010 L.M.$cVI.3.$d00225223 959 $aBK 969 $aUMA 979 $aMARTUCCIEL$b90$c20090527$lUSA01$h1158 996 $aTentazione del fantastico$91120144 997 $aUNISA LEADER 03988nam 2200673 a 450 001 9910786126603321 005 20230803025536.0 010 $a1-68015-211-4 024 7 $a10.1515/9783110270419 035 $a(CKB)2670000000338010 035 $a(EBL)894134 035 $a(SSID)ssj0000992185 035 $a(PQKBManifestationID)11635027 035 $a(PQKBTitleCode)TC0000992185 035 $a(PQKBWorkID)10934016 035 $a(PQKB)10882667 035 $a(MiAaPQ)EBC894134 035 $a(DE-B1597)173927 035 $a(OCoLC)823710424 035 $a(OCoLC)829233335 035 $a(DE-B1597)9783110270419 035 $a(Au-PeEL)EBL894134 035 $a(CaPaEBR)ebr10661425 035 $a(EXLCZ)992670000000338010 100 $a20121221d2013 uy 0 101 0 $aeng 135 $aurnn#---|u||u 181 $ctxt 182 $cc 183 $acr 200 10$aComputational physics of electric discharges in gas flows$b[electronic resource] /$fSergey T. Surzhikov 210 $aBerlin ;$aBoston $cDe Gruyter$d2013 215 $a1 online resource (440 p.) 225 0 $aDe Gruyter Studies in Mathematical Physics ;$v7 300 $aDescription based upon print version of record. 311 0 $a3-11-027041-2 311 0 $a3-11-027033-1 320 $aIncludes bibliographical references and index. 327 $tFront matter --$tPreface --$tContents --$tPart I. Elements of the theory of numerical modeling of gas-discharge phenomena --$tChapter 1. Models of gas-discharge physical mechanics --$tChapter 2. Application of numerical simulation models for the investigation of laser supported waves --$tChapter 3. Computational models of magnetohydrodynamic processes --$tPart II. Numerical simulation models of glow discharge --$tChapter 4. The physical mechanics of direct current glow discharge --$tChapter 5. Drift-diffusion model of glow discharge in an external magnetic field --$tPart III. Ambipolar models of direct current discharges --$tChapter 6. Quasi-neutral model of gas discharge in an external magnetic field and in gas flow --$tChapter 7. Viscous interaction on a flat plate with surface discharge in a magnetic field --$tChapter 8. Hypersonic flow of rarefied gas in a channel with glow discharge in an external magnetic field --$tChapter 9. Hypersonic flow of rarefied gas in a curvilinear channel with glow discharge --$tAppendix --$tBibliography --$tIndex 330 $aPhysical models of gas discharge processes in gas flows and numerical simulation methods, which are used for numerical simulation of these phenomena are considered in the book. Significant attention is given to a solution of two-dimensional problems of physical mechanics of electric arc, radio-frequency, micro-wave, and optical discharges, as well as to investigation of electrodynamic structure of direct current glow discharges. Problems of modern computational magnetohydrodynamics (MHD) are considered also. Prospects of the different kinds of discharges use in aerospace applications are discussed. This book is intended for scientists and engineers concerned with physical gas dynamics, physics of the low-temperature plasma and gas discharges, and also for students and post-graduate students of physical and technical specialties of universities. 410 3$aDe Gruyter Studies in Mathematical Physics 606 $aGlow discharges 606 $aElectric discharges through gases 610 $aGas Discharge. 610 $aGas Dynamics. 610 $aHeat Transfer. 610 $aPhysical Mechanics. 615 0$aGlow discharges. 615 0$aElectric discharges through gases. 676 $a537.5/30151 686 $aUG 1300$qhdub$2rvk 700 $aSurzhikov$b S. T$g(Sergei? Timofeevich)$01559914 801 0$bMiAaPQ 801 1$bMiAaPQ 801 2$bMiAaPQ 906 $aBOOK 912 $a9910786126603321 996 $aComputational physics of electric discharges in gas flows$93825485 997 $aUNINA